banner koha

Sistema de controle da pesca de Mato Grosso do Sul SCPESCA/MS - 5 1998 (Registro n. 291779)

MARC details
000 -LÍDER
campo de controle de tamanho fixo 01024nac a22003257a 4500
001 - NÚMERO DE CONTROLE
campo de controle BR0103389
003 - IDENTIFICADOR DO NÚMERO DE CONTROLE
campo de controle BR-BrBNA
005 - DATA E HORÁRIO DA ÚLTIMA TRANSAÇÃO
campo de controle 20240105122601.0
008 - CAMPO DE DADOS FIXOS--INFORMAÇÃO GERAL
campo de controle de tamanho fixo 230509b bl.|||m| |||| 00| 0 por d
040 ## - FONTE DA CATALOGAÇÃO
Instituição da catalogação original BR-BrBNA
Idioma da catalogação por
Instituição que transcreveu o registro Biblioteca Nacional de Agricultura
072 ## - CÓDIGO DE CATEGORIA DE ASSUNTO
Código de Categoria de Assunto M11
090 ## - NÚMERO DE CHAMADA LOCAL
Número de chamada M11 BR0103389
100 1# - ENTRADA PRINCIPAL--NOME PESSOAL
Nome pessoal Catella, A.C.
100 1# - ENTRADA PRINCIPAL--NOME PESSOAL
Nome pessoal Albuquerque, F.F. de
100 1# - ENTRADA PRINCIPAL--NOME PESSOAL
Nome pessoal Campos, F.L. de R.
110 1# - ENTRADA PRINCIPAL--NOME CORPORATIVO
Nome corporativo ou nome da jurisdição EMBRAPA Pantanal, Corumba, MS (Brasil)
9 (RLIN) 3692
245 1# - TÍTULO
Título Sistema de controle da pesca de Mato Grosso do Sul SCPESCA/MS - 5 1998
260 3# - PUBLICAÇÃO, DISTRIBUIÇÃO, ETC.
Local de publicação, distribuição, etc. Corumba, MS (Brasil):
Data da publicação, distribuição, etc. 2001.
300 ## - DESCRIÇÃO FÍSICA
Extensão 72 p.
490 ## - TÍTULO DA SÉRIE
Título da série Boletim de Pesquisa - EMBRAPA Pantanal (Brazil)
Número do volume ou designação sequencial da série no. 22
ISSN - International Standard Serial Number ISSN 1517-1981
500 ## - NOTA GERAL
Nota geral Summaries (En, Pt); 16 ref.; 15 illus.; 23 tables
650 ## - ASSUNTO--TERMO TÓPICO
Cabeçalho tópico ou nome geográfico Pesca
650 ## - ASSUNTO--TERMO TÓPICO
Cabeçalho tópico ou nome geográfico Estoque
650 ## - ASSUNTO--TERMO TÓPICO
Cabeçalho tópico ou nome geográfico Captura
650 ## - ASSUNTO--TERMO TÓPICO
Cabeçalho tópico ou nome geográfico Producao Pesqueira
650 ## - ASSUNTO--TERMO TÓPICO
Cabeçalho tópico ou nome geográfico Recurso Pesqueiro
650 ## - ASSUNTO--TERMO TÓPICO
Cabeçalho tópico ou nome geográfico Mato Grosso do Sul
909 ## -
-- 202312
-- Lúcia Elande
-- 55
-- Lúcia Elande
942 ## - ELEMENTOS DE ENTRADA ADICIONADOS (KOHA)
Fonte da classificação ou esquema de arquivamento na estante Classificação AGRIS
Ocultar no OPAC Não
Tipo de material Koha Monografia Seriada
Exemplares
Situação do descarte Fonte da classificação ou esquema de arquivamento na estante Situação física Não pode ser emprestado Coleção Biblioteca de origem Biblioteca atual Localização na estante Total de empréstimos Número de telefone completo Código de barras Data de último acesso Tipo de material Koha Fonte de aquisição
  Classificação AGRIS       Biblioteca Nacional de Agricultura - Binagri Biblioteca Nacional de Agricultura - Binagri Agrobase - Acervo Geral   M11 BR0103389 M11 BR0103389 18/12/2023 Monografia Seriada Portaria Interministerial nº 164/94

BINAGRI

Telefone: (61)3218-2567/2388/3357/2097 - binagri@agro.gov.br

Ministério da Agricultura e Pecuária , Esplanada dos Ministérios, Bloco D, Anexo B, Brasília/DF, CEP: 70.043-900